000 00763nam a2200229Ia 4500
001 3134
003 GE_BSU
008 181216s||||||||xx |||||||||||||| ||und||
040 _cGE_BSU
080 _a621.31(075.8)
100 _aДолин,П.А.
245 _aОсновы техники безопастности в электроустановках.
245 _bУчеб.пособие.
245 _cРед.из-ва Р.М.Ваничкина.
250 _aИзд 2-ое, перераб.и доп.
260 _aМ.
260 _bЭнергоатомиздат.
260 _c1984.
300 _a448 стр.с илл.20 см.
653 _aОсновы техники безопастности в электроустановках.
942 _cBK
999 _c37178
_d37178